| 000 | 00680nam a2200205Ia 4500 | ||
|---|---|---|---|
| 008 | 131103s9999 xx 000 0 und d | ||
| 040 | _aLoreto College | ||
| 041 | _aEnglish | ||
| 082 |
_a841.09/DEN _bLCLIB/20481 |
||
| 100 | _aDenomme, Robert T | ||
| 245 |
_aNineteenth - century French romantic poets _cRobert T Denomme |
||
| 260 |
_aCarbondale _bSouthern Illinois University _c1969 |
||
| 300 |
_axii,176p. _c 21cm. |
||
| 440 | _aCrosscurrents/Modern critiques | ||
| 504 | _aIncludes biblographical references,notes & index | ||
| 650 | _aDenomme, Robert T - criticism | ||
| 651 | _aFrench poets - 19th century - criticism | ||
| 850 | _aLCLIB/841.09/DEN | ||
| 942 | _cBK | ||
| 999 |
_c24324 _d74803 |
||